000 00936cam a2200265 i 4500
001 1303571
003 ARRUPE
005 20131010144101.0
008 770824s1978 nyu 000 0 eng
010 _a 77014444
020 _a0870003941 :
_c$11.00
040 _aDLC
_cDLC
_dDLC
043 _ae-uk-en
050 0 0 _aBX1750
_bN4.D263
100 1 _aNewman, John Henry,
_d1801-1890.
_92417
240 1 0 _aParochial and plain sermons.
_kSelections
245 1 0 _aNewman against the liberals :
_b25 classic sermons /
_cby John Henry Newman ; selected with a pref. by Michael Davies.
260 _aNew Rochelle, N.Y. :
_bArlington House,
_cc1978.
300 _a400 p. ;
_c20 cm.
500 _aSelections from the author's Parochial and plain sermons.
610 2 0 _aChurch of England
_xSermons.
_92418
650 0 _aSermons, English
_y19th century.
_92419
906 _a7
_bcbc
_corignew
_d1
_eocip
_f19
_gy-gencatlg
942 _2lcc
_cMONOGRAPH
999 _c118319
_d118319